000 01014nam a2200289 c 4500
003 BLK
005 20240925005445.0
008 180409b bul|||||r ||||||| ||bul||
010 _aKNG00116830000
040 _aBLK
041 _aBUL
_cBUL
080 _aБългарска литература
_b821.163.2
_x-1
_z821.163.2-1
100 _aПетров, Валери
_d1920 - 2014
_qМеворах, Валери Нисим
_9363347
700 1 _aЧаушев, Георги
_eхудож.
_9375871
139 _aПетров, Валери
_bП 47
245 1 0 _aСатирични поеми
_cВалери Петров; худож. Георги Чаушев.
257 _aBGR
260 София
_bБълг. писател
_c1988
_fВраца : печ. В. Александров
300 _a159 с. с ил.
_c21 см
380 _aX
852 _aЦб 155539
856 4 _qpdf
_u
856 4 _qpdf
_u
942 _cKNG
_n0
944 _aCR
_c06.01.2005
_k
_lCRON CRON
944 _aED
_c12.01.2005
_k
999 _c111485
_d111485